000 00301 a2200145 4500
001 173774
020 _a
040 _cMagnum
100 _aDemarguet, Sonia de Almeida
240 1 0 _aA espada e o trono
_lpor
245 1 0 _aA espada e o trono
362 0 _a1899
697 _aIJ/GERAL
942 _cBK
999 _c173774
_d173774